1660 1545 1875 1150 1116 1849 1552 1959 1055 1142 1233 1930 1041 1512 1232 1962 1760 1686 1518 1756 1675 1883 1477 1681 1458 1101 1994 1918 1344 1226 1754 1467 1695 1147 1990 1848 1507 1890 1572 1518 1394 1721 1651 1423 1068 1570 1838 1336 1190 1746 1387 1845 1323 1880 1305 1925 1016 1088 1283 1662 1160 1174 1269 1531 1995 1640 1871 1277 1218 1088 1553 1224 1658 1236 1824 1293 1129 1983 1979 1859 1790 1355 1983 1854 1788 1726 1955 1911 1263 1553 1045 1070 1313 1573 1566 1265 1931 1015 1252 BCNSPRNW ULIB Ver.6.0+V

เปลี่ยนเป็นภาษาไทย

Change to English
 แสดงรายละเอียดบรรณานุกรม
  กลับหน้าหลัก

Brief Record : Get Marc (ISO 2709) : E-mail record : QR code < ปิดหน้าต่าง
LEADER : 00000nam 2200000uu 4500
001    13399120161
003     ULIB
008    120905s2538||||th 000 0 tha d
020    ^a9747761319
060  4 ^aWY115^bก728ก
100    ^aกุลฤดี จิตตยานันต์
245    ^aการดูแลสุขภาพที่บ้าน/^cกุลฤดี จิตตยานันต์
250    ^aพิมพ์ครั้งที่ 1
260    ^aนนทบุรี :^bสถาบันพัฒนากำลังคนด้านสาธารณสุข สำนักงานปลัดกระทรวงสาธารณสุข,^c2538
300    ^a94 หน้า;^b29 ซม.
650    ^aการบริการผู้ป่วยที่บ้าน
700    ^aวันดี วงศ์รัตนรักษ์
710    ^aสถาบันพัฒนากำลังคนด้านสาธารณสุข สำนักงานปลัดกระทรวงสาธารณสุข
945    ^p70^l0^i032768
945    ^p70^l0^i032769
945    ^p70^l0^i032770
945    ^p70^l0^i032771
945    ^p70^l0^i032772
995    ^aทศพร
999    ^aทศพร
รายการนี้ยังไม่มีแท็ก
คุณยังไม่ได้ล็อกอิน คุณสามารถมีกิจกรรมร่วมกับเว็บไซต์ได้ แต่ต้องล็อกอินก่อน ::
  ล็อกอิน

รายการสื่อสารสนเทศ

ลำดับที่ ประเภท เลขเรียก/บาร์โค้ด สถานที่ สถานะ
- ไม่พบข้อมูล -

BibComment


ยังไม่เคยถูกคอมเมนท์

คอมเมนท์ทรัพยากรรายการนี้
  คอมเมนท์: การดูแลสุขภาพที่..


 Copyright 2026. Bcnsprnw @Library